000 00275 a2200121 4500
001 146704
040 _cEscola São Tomás de Aquino
100 _aHIRATSUKA, Lúcia
240 1 0 _aUrashima Taro
_lpor
245 1 0 _aUrashima Taro
697 _a*LITERATURA INFANTO
942 _cBK
999 _c146704
_d146704